Finland : Selected Issues.

This Selected Issues paper examines Finland's sectoral balance sheets and how they have evolved since the global financial crisis; the analysis reveals that financial vulnerabilities have risen in most sectors. Indebtedness has increased for nonfinancial corporations (NFCs), households, and the...

ver descrição completa

Detalhes bibliográficos
Autor Corporativo: International Monetary Fund. European Dept
Formato: Periódico
Idioma:English
Publicado em: Washington, D.C. : International Monetary Fund, 2016.
Colecção:IMF Staff Country Reports; Country Report ; No. 2016/369
Acesso em linha:Full text available on IMF
LEADER 01708cas a2200241 a 4500
001 AALejournalIMF017262
008 230101c9999 xx r poo 0 0eng d
020 |c 5.00 USD 
020 |z 9781475558036 
022 |a 1934-7685 
040 |a BD-DhAAL  |c BD-DhAAL 
110 2 |a International Monetary Fund.  |b European Dept. 
245 1 0 |a Finland :   |b Selected Issues. 
264 1 |a Washington, D.C. :  |b International Monetary Fund,  |c 2016. 
300 |a 1 online resource (38 pages) 
490 1 |a IMF Staff Country Reports 
500 |a <strong>Off-Campus Access:</strong> No User ID or Password Required 
500 |a <strong>On-Campus Access:</strong> No User ID or Password Required 
506 |a Electronic access restricted to authorized BRAC University faculty, staff and students 
520 3 |a This Selected Issues paper examines Finland's sectoral balance sheets and how they have evolved since the global financial crisis; the analysis reveals that financial vulnerabilities have risen in most sectors. Indebtedness has increased for nonfinancial corporations (NFCs), households, and the government, increasing their financial fragility and vulnerability to shocks. Also, cross-border financial exposures have risen on both sides of Finland's balance sheet. Specifically, banks' balance sheets have grown considerably, largely owing to a rise in foreign liabilities. NFCs and the government have also relied in part on foreign investors to finance their debt increases. 
538 |a Mode of access: Internet 
830 0 |a IMF Staff Country Reports; Country Report ;  |v No. 2016/369 
856 4 0 |z Full text available on IMF  |u http://elibrary.imf.org/view/journals/002/2016/369/002.2016.issue-369-en.xml  |z IMF e-Library